Encyclopaedia of computer and library science / (Record no. 4188)

MARC details
000 -LEADER
fixed length control field 00677nam a2200205 ar4500
001 - CONTROL NUMBER
control field 4190
005 - DATE AND TIME OF LATEST TRANSACTION
control field 20221127090905.0
008 - FIXED-LENGTH DATA ELEMENTS--GENERAL INFORMATION
fixed length control field 150401s ii a e 00110|eng d
020 ## - INTERNATIONAL STANDARD BOOK NUMBER
International Standard Book Number 9788126146734(hpb : set) :
Terms of availability SR630.00
082 04 - DEWEY DECIMAL CLASSIFICATION NUMBER
Classification number 004.03
Item number En19 2011
245 00 - TITLE STATEMENT
Title Encyclopaedia of computer and library science /
Statement of responsibility, etc. Pankaj Kumar Rai.
250 ## - EDITION STATEMENT
Edition statement 1st ed.
260 ## - PUBLICATION, DISTRIBUTION, ETC.
Place of publication, distribution, etc. New Delhi :
Name of publisher, distributor, etc. Anmol Publications,
Date of publication, distribution, etc. 2011.
300 ## - PHYSICAL DESCRIPTION
Extent 2v. :
Other physical details ill. ;
Dimensions 24 cm.
504 ## - BIBLIOGRAPHY, ETC. NOTE
Bibliography, etc. note Includes bibl. references and index.
650 #4 - SUBJECT ADDED ENTRY--TOPICAL TERM
Topical term or geographic name entry element Computer science
Form subdivision Encyclopedias.
650 #4 - SUBJECT ADDED ENTRY--TOPICAL TERM
Topical term or geographic name entry element Information science
Form subdivision Encyclopedias.
650 #4 - SUBJECT ADDED ENTRY--TOPICAL TERM
Topical term or geographic name entry element Library science
Form subdivision Encyclopedias.
700 0# - ADDED ENTRY--PERSONAL NAME
Personal name Rai, Pankaj Kumar.
Holdings
Withdrawn status Lost status Source of classification or shelving scheme Damaged status Not for loan Home library Current library Date acquired Total Checkouts Full call number Barcode Date last seen Copy number Price effective from Koha item type
              11/27/2022   004.03 En19 2011 10000000013542 11/27/2022 C3 11/27/2022 Reference
              11/27/2022   004.03 En19 2011 10000000013541 11/27/2022 C4 11/27/2022 Reference
          CENTRAL CENTRAL 11/27/2022   004.03 En19 2011 10000000012596 11/27/2022 C1 11/27/2022 Reference
          CENTRAL CENTRAL 11/27/2022   004.03 En19 2011 10000000012597 11/27/2022 C2 11/27/2022 Reference